Vláda platí za svoju podporu Naozaj chceme z našich daní napomáhať iredentu?

Podrobná bibliografia
Hlavný autor: Paška, Jaroslav, 1954-2021 (Autor)
Médium: Článok
Jazyk:slovenčina
Fyzický popis:Fotogr. 1
Predmet:

MARC

LEADER 00000nab a2200000 a 4500
001 vtls000520722
003 SK-MaSNL
005 20260303010627.0
008 120928c1994 xo 0 slo
015 |a SNBRB19rr/mm-uuuuu 
035 |a CL0520860 
040 |a SNKBUCL  |b slo  |c SNKBUCL  |e AACR2 
041 0 |a slo 
044 |a xo  |c SK 
080 |a 376.7(437.6=945.11)  |2 1981 
080 |a 371(437.6=945.11)  |2 1981 
100 1 |a Paška, Jaroslav,  |d 1954-2021  |4 aut  |9 192534 
245 1 0 |a Vláda platí za svoju podporu  |b Naozaj chceme z našich daní napomáhať iredentu?  |c Jaroslav Paška 
300 |b Fotogr. 1 
650 0 7 |a vzdelávanie alternatívne  |2 snkbucl  |9 978086 
650 0 7 |a územia národnostne zmiešané  |2 snkbucl  |9 899827 
655 7 |a články z novín a časopisov  |2 snkbucl  |9 267496 
773 0 |t Slovenská republika  |g Roč. 1, č. 25 (9. 6. 1994) 
773 0 |t [Príl.] HZDS  |g S. III 
850 |a Slovenská národná knižnica v Martine  |a MTA001 
852 |a SNK  |b KIS3GCP 
958 |a RK 
992 |a RBX 
999 |c 1588090  |d 1590020